[Event "CUB-ch U18 Girls"]
[Site "San Nicolas de Bari"]
[Date "2012.04.17"]
[Round "6"]
[White "Becerra Licor, Keilyn"]
[Black "Alegria Cruz, Deborah"]
[Result "0-1"]
[WhiteElo "1897"]
[BlackElo "1910"]
[PlyCount "170"]
[EventDate "2012.04.15"]
[EventType "swiss"]
[EventRounds "9"]
[EventCountry "CUB"]
[SourceTitle "CBM 148 Extra"]
[Source "ChessBase"]
[SourceDate "2012.06.22"]
[SourceVersion "1"]
[SourceVersionDate "2012.06.22"]
[SourceQuality "1"]

1. e4 d5 2. exd5 Nf6 3. d4 Nxd5 4. Nf3 Bg4 5. Be2 e6 6. 0-0 Be7 7. c4 Nb6 8. Be3 0-0 9. Nc3 c6 10. b3 N8d7 11. h3 Bh5 12. Qd2 a5 13. a3 Nf6 14. Rfd1 Bg6 15. Bd3 Bxd3 16. Qxd3 Nbd7 17. Ne2 Bd6 18. Bg5 Qc7 19. c5 Be7 20. Bf4 Qc8 21. Ng5 h6 22. Ne4 Nxe4 23. Qxe4 Nf6 24. Qf3 Qd8 25. Qg3 Nh5 26. Qf3 Nxf4 27. Qxf4 Bg5 28. Qg3 Rc8 29. Nc3 Qc7 30. Qd3 Rfd8 31. b4 Bf6 32. Qc4 Qf4 33. Ne2 Qc7 34. Rab1 Rd7 35. Nc3 Rcd8 36. Ne2 e5 37. d5 cxd5 38. Qb5 axb4 39. axb4 d4 40. Ng3 Qc6 41. Qd3 Be7 42. Rdc1 Qd5 43. Kf1 g6 44. f3 f5 45. Qb3 Qxb3 46. Rxb3 Bh4 47. c6 bxc6 48. Rxc6 Kf7 49. Nh1 Rd6 50. Rc1 Bg5 51. Rd1 e4 52. fxe4 fxe4 53. b5 d3 54. b6 Rb8 55. b7 Rd7 56. Ng3 Rd4 57. Nxe4 Rxe4 58. Rdxd3 Re7 59. g3 Rbxb7 60. Ra3 Rb1+ 61. Kf2 Rbe1 62. h4 Bf6 63. Ra6 R1e4 64. Rf3 R4e6 65. Ra4 Kg7 66. Kg2 Re4 67. Ra2 Re2+ 68. Rxe2 Rxe2+ 69. Kh3 h5 70. Rb3 Be5 71. Rf3 Bd4 72. g4 hxg4+ 73. Kxg4 Re4+ 74. Kg3 Be5+ 75. Kh3 Bf6 76. h5 Rh4+ 77. Kg2 Rxh5 78. Rb3 g5 79. Kg3 Be5+ 80. Kg2 Rh2+ 81. Kg1 Re2 82. Kh1 g4 83. Kg1 Kf6 84. Kh1 g3 85. Rd3 Kf5 0-1

[Event "CUB-ch U18 Girls"]
[Site "San Nicolas de Bari"]
[Date "2012.04.16"]
[Round "3"]
[White "Diaz Rey, Dailen"]
[Black "Alegria Cruz, Deborah"]
[Result "1-0"]
[WhiteElo "1836"]
[BlackElo "1910"]
[PlyCount "75"]
[EventDate "2012.04.15"]
[EventType "swiss"]
[EventRounds "9"]
[EventCountry "CUB"]
[SourceTitle "CBM 148 Extra"]
[Source "ChessBase"]
[SourceDate "2012.06.22"]
[SourceVersion "1"]
[SourceVersionDate "2012.06.22"]
[SourceQuality "1"]

1. e4 e6 2. d4 d5 3. Nd2 Nf6 4. e5 Nfd7 5. f4 c5 6. c3 Nc6 7. Ndf3 cxd4 8. cxd4 Bb4+ 9. Kf2 f6 10. Ne2 0-0 11. h4 Qb6 12. Be3 fxe5 13. fxe5 Qc7 14. Nf4 Nb6 15. Rc1 Bd7 16. a3 Be7 17. b4 Qd8 18. Bd3 Rc8 19. Kg1 Qe8 20. Ng5 Bxg5 21. hxg5 g6 22. Qg4 Nxd4 23. Rxc8 Qxc8 24. Qh4 Rf7 25. Bxg6 Rg7 26. Bxh7+ Kf8 27. Ng6+ Ke8 28. Qxd4 Qc2 29. Rh3 Rxg6 30. Bxg6+ Qxg6 31. Rh8+ Kf7 32. Qf4+ Qf5 33. Qxf5+ exf5 34. Bxb6 axb6 35. Rh7+ Ke6 36. g6 Bc6 37. Rh8 d4 38. g7 1-0